000 01252nam0a2200337 4500
001 RU\NLR\bibl\453062
005 20250623182124.0
010 _a5-86290-290-2
035 _a(NLR Aleph) 000446678
090 _a847894
_c847894
100 _a20031030d1998 |||y0rusy50 ca
101 1 _arus
102 _aRU
105 _aa |||||||||
200 1 _aУкрашаем дом цветами
_eНеобыч. растения. Аксессуары. Аранжировка
_fДоротея Вехтер, Юрген Шторк
_g[Перевод: Гусев Ю.]
210 _aМ.
_cВнешсигма
_d1998
215 _a160 с.
_cцв. ил.
_d27
320 _aУказ.: с. 158-160
320 _aБиблиогр.: с. 159-160
606 0 _aКомнатные растения
_9923684
_3RU\NLR\auth\66339002
606 0 _aИкэбана
_92100868
_3RU\NLR\auth\661270602
606 0 _aЦветы в интерьере жилого дома
_91201811
_3RU\NLR\auth\66168421
686 _aЩ128.9
686 _aП274-455.5
700 1 _aВехтер
_bД.
_gДоротея
_4070
701 1 _aШторк
_bЮ.
_gЮрген
_4070
801 0 _aRU
_bNLR
_c20031030
_gPSBO
801 1 _aRU
_bNLR
_c20031030
942 _cBOOK
980 _aNB